000 00828nam a22002297a 4500
999 _c16790
_d16790
003 AR-CdUCM
008 190506b ||||| |||| 00| spa d
040 _aMUNICIPALIDAD PROVINCIAL DEL CUSCO
_cBIBLIOTECA MUNICIPAL DEL CUSCO
082 _22ed.
_a372.4 /
_bG29 / 1930
100 _aGaupp, Robert
_936454
245 _aPsicología del niño /
260 _aBarcelona :
_bLabor,
_c1930.
300 _a253 páginas ;
_c19 cm.
440 _aSección educación II
_n109
_936455
505 _aContenido : Historia de la psicología infantil -- Métodos de investigación seguidos en psicología infantil -- Clasificación de la niñez ...
650 _aPsicología
_91538
650 _aNiñez
_92986
650 _aInfancia
_95236
700 _aVallejo Náguera, Antonio
_936456
942 _2ddc
_cLIBROS
945 _arah
_d06/05/2019